000
00276nmm a2200097Ia 4500
008
220120s9999||||xx |||||||||||||||||und||
020
_a
0-07-044580-X
100
_a
Chip
245
0
_a
Power tools pack, auto desk 3ds max 2013, ubuntu .12.04 (t
260
_a
Infomedia18
_b
New Delhi
999
_c
139754
_d
139754